000 00637nam a22002417a 4500
003 UA-OsUOA
001 96435
007 ta
008 20130319b un ||||| |||| 00| 0 ukr d
100 _aЧумаков А.Н.
700 _aКоролев А.Д.
700 _aДахин А.В.
090 _a101
_bЧ-90
942 _cSA
040 _aUA-OsUOA
_brus
_cUA-OsUOA
_dUA-OsUOA
245 _aФилософия в современном мире: диалог мировозрений
300 _aС.3-17
955 _a0
041 _arus
080 _a101
773 0 _w96432
650 7 _a1 Філософські науки
_2UDC
999 _c382691
_d382691